| 000 | 00700cam a22002414a 4500 | ||
|---|---|---|---|
| 001 | 201808 | ||
| 003 | 0 | ||
| 005 | 20170428121404.0 | ||
| 008 | 990224s2000 inua b 001 0 eng | ||
| 010 | _a 99061434 | ||
| 020 | _a0672316706 | ||
| 020 | _a9780672316708 | ||
| 040 | _cSPU | ||
| 042 | _apcc | ||
| 050 | 0 | 0 |
_aQA76.9 _b.A25M38 2000 |
| 245 | 0 | 0 |
_aMaximum Linux security : _ba hacker's guide to protecting your Linux server and workstation / _cAnonymous. |
| 260 |
_aIndianapolis, Ind. : _bSams, _cc2000. |
||
| 300 |
_axvii, 743 p. : _bill. ; _c24 cm. + |
||
| 504 | _aIncludes bibliographical references and index. | ||
| 630 | 0 | 0 | _aLinux. |
| 650 | 0 | _aComputer security. | |
| 942 |
_2lcc _cBK |
||
| 999 |
_c50162 _d50162 |
||